| 000 | 00463nam a2200193Ia 4500 | ||
|---|---|---|---|
| 008 | 151119s9999||||xx |||||||||||||| ||und|| | ||
| 082 | _a891.463 | ||
| 082 | _bGKKV9416 | ||
| 100 | _aनिसळ शाता | ||
| 245 | _aआर्वत | ||
| 260 | _a-- | ||
| 260 | _b-- | ||
| 260 | _c1994 | ||
| 600 | _aनिसळ शाता | ||
| 630 | _aआर्वत | ||
| 700 | _aनिसळ शाता | ||
| 730 | _aआर्वत | ||
| 942 | _cBOOK | ||
| 999 |
_c1063725 _d1063722 |
||